000 00285nam a22001337a 4500
008 170920b xxu||||| |||| 00| 0 eng d
020 _a0150040318
041 _aeng
080 _a7
100 _a44
101 _aART
245 _aTHE HOUSE OF HAPSBURG
_cMILTON, J
942 _2udc
_cBK
999 _c28391
_d28391